|
|
|
|
| LEADER |
00000nam a2200000 i 4500 |
| 001 |
IT\ICCU\UBO\3988282 |
| 003 |
ItRI |
| 005 |
20260115232148.0 |
| 008 |
130206s2012 it |||||| ||||| |||||c |
| 015 |
|
|
|2 IT
|a 2012-4534
|
| 020 |
|
|
|a 9788884207432
|
| 040 |
|
|
|b ita
|c importazione bologna sebina
|
| 041 |
|
7 |
|a ita
|2 ISO-639-2
|
| 100 |
1 |
|
|a Eisler, Riane Tennenhaus
|0 IT\ICCU\CAGV\369126
|
| 240 |
1 |
0 |
|a Sacred pleasure
|3 IT\ICCU\CFI\0803892
|9 Eisler, Riane Tennenhaus
|
| 245 |
1 |
3 |
|a Il piacere è sacro :
|b il potere e la sacralità del corpo e della terra dalla preistoria a oggi /
|c Riane Eisler ; prefazione di Antonella Riem Natale ; prologo alla nuova edizione italiana di Riane Eisler ; glossario mutuale a cura di Stefano Mercanti.
|
| 260 |
|
|
|a Udine :
|b Forum,
|c 2012
|
| 300 |
|
|
|a 684 p. ;
|c 21 cm
|
| 500 |
|
|
|a Traduzione di Maura Pizzorno
|
| 650 |
|
7 |
|a Sesso
|x Sociologia
|
| 700 |
1 |
|
|a Mercanti, Stefano
|0 IT\ICCU\BVEV\141538
|
| 700 |
1 |
|
|a Riem Natale, Antonella
|0 IT\ICCU\CFIV\064431
|4 aui
|
| 790 |
1 |
|
|a Eisler, Riane
|3 IT\ICCU\CFIV\280758
|z Eisler, Riane Tennenhaus
|
| 790 |
1 |
|
|a Riem, Antonella
|3 IT\ICCU\CFIV\159367
|z Riem Natale, Antonella
|
| 790 |
1 |
|
|a Tennenhaus Eisler, Riane
|3 IT\ICCU\SBNV\101616
|z Eisler, Riane Tennenhaus
|
| 830 |
|
0 |
|a ALL ;
|v 10
|0 IT\ICCU\CFI\0666050
|
| 942 |
|
|
|2 ddc
|c BK
|n 0
|
| 952 |
|
|
|0 0
|1 0
|4 0
|6 DOC_306_701000000000000_EIS
|7 0
|9 21174
|a BO
|b BO
|d 2026-01-15
|i 18356
|l 0
|o DOC 306.701 EIS
|p BO18356
|r 2026-01-15 23:21:48
|w 2026-01-15
|x [Sebina 5] [1 v.]
|y BK
|z 1 v.
|
| 999 |
|
|
|c 18095
|d 18095
|